| 000 | 01073nam a22002297a 4500 | ||
|---|---|---|---|
| 999 |
_c59380 _d59380 |
||
| 003 | Ge_BSU | ||
| 005 | 20230201122545.0 | ||
| 008 | 230201s2002 ge ||||| |||| 00| 0 geo d | ||
| 020 | _a9992881852 | ||
| 041 | _ageo | ||
| 080 | _a342.5 ს-96 | ||
| 100 |
_aსურგულაძე, იროდიონ _912309 |
||
| 245 |
_aხელისუფლება და სამართალი / _cიროდიონ სურგულაძე ; მთარგმნელი ოთარ გამყრელიძე. |
||
| 264 |
_aთბილისი : _bსაია, _c2002. |
||
| 300 |
_a400 გვ. ; _b23 სმ. |
||
| 500 | _aტექსტი ქართულ და გერმანულ ენებზე. | ||
| 653 | _aსახელმწიფო ხელისუფლება | ||
| 653 | _aსახელმწიფოს თეორია | ||
| 653 | _aსამართლის თეორია. | ||
| 700 |
_aგამყრელიძე, ოთარ _eმთარგმნელი. _92834 |
||
| 942 |
_2udc _cBK |
||